Czy rozpoznasz państwo/ miasto z rozsypanych liter - Statystyki

Ogólne statystyki
  • Ten quiz został rozwiązany 55 razy
  • Średni wynik to 14 z 21
Statystyki odpowiedzi
Hint Odpowiedź % Poprawnych
M K O N A O Monako
98%
P K I N E Pekin
96%
L Y N N D O Londyn
91%
M Z J A L E A Malezja
89%
Z I B W E A B M Zimbabwe
89%
I N I D L A N F A Finlandia
85%
I R A K Kair
83%
S U L E Seul
77%
L O I Z N A B Lizbona
74%
A T A L N I D A J Tajlandia
74%
Z L I O J R O E M A Jerozolima
72%
A P K L S O Polska
68%
I K I N H L S E Helsinki
62%
I K Z J A O N Nikozja
60%
A N I A L M Manila
55%
A R E B Z G Z Zagrzeb
55%
B U T E R J Bejrut
43%
G A L S E E N Senegal
43%
Y N A A N T G E R Argentyna
38%
M S K A T A Maskat
38%
E I A R A G I L Algieria
28%
Nie znaleziono quizów pasujących do podanych kryteriów
Rozkład punktacji
Procent ludzi z każdym wynikiem
Percentyl według liczby udzielonych odpowiedzi
Twoja historia wyników
Nie rozwiązałeś tego quizu